MESTSKÁ KNIŽNICA GIRALTOVCE  - online katalóg 

Zlatá kysucká kniha Pavla Hrtusa Jurinu (Record no. 23689)

000 -NÁVESTIE
fixed length control field 01931cam a2200541 4500
001 - EVIDENČNÉ ČÍSLO ZÁZNAMU - Kontrolné číslo
control field vtls011898845
005 - DÁTUM A ČAS POSLEDNEJ TRANSAKCIE
control field 20241216141645.0
008 - ÚDAJE S PEVNOU DĹŽKOU – VŠEOBECNÉ INFORMÁCIE
fixed length control field 210624s2019 xo a grhn 011 0dslo
020 ## - MEDZINÁRODNÉ ŠTANDARDNÉ ČÍSLO KNIHY (ISBN)
Medzinárodné štandardné číslo knihy (ISBN) 9788082021021
Qualifying information (viazané)
035 ## - Iný štandardný identifikátor
Iný štandardný identifikátor urn:nbn:sk:snk-am00eddw
035 ## - Iný štandardný identifikátor
Iný štandardný identifikátor urn:nbn:sk:snk-am3igp1
035 ## - Iný štandardný identifikátor
Iný štandardný identifikátor 98071700-E59A-4836-B41F-0902569AA6B3
040 ## - ZDROJ KATALOGIZÁCIE
Pôvodná katalogizujúca agentúra SPK
Jazyk katalogizácie slo
Prepisujúca agentúra SPK
Modifikujúca agentúra SNK
Konvencie popisu rda
041 0# - KÓD JAZYKA
Kód jazyka textu/zvukovej stopy alebo samostatných nápisov slo
Kód jazyka zhrnutia alebo abstraktu/titulkov alebo nápisov eng
-- ger
044 ## - KÓD KRAJINY VYDAVATEĽA/PRODUCENTA
Kód krajiny MARC xo
Kód krajiny ISO SK
072 #7 - KÓD PREDMETOVEJ KATEGÓRIE
Kód predmetovej kategórie 821.162.4.09
Pododdiel kódu predmetovej kategórie Slovenská literatúra (o nej)
Zdroj konspekt
072 #7 - KÓD PREDMETOVEJ KATEGÓRIE
Kód predmetovej kategórie 929
Pododdiel kódu predmetovej kategórie Biografie
Zdroj konspekt
080 ## - ČÍSLO MEDZINÁRODNÉHO DESATINNÉHO TRIEDENIA (MDT)
Číslo Medzinárodného desatinného triedenia (MDT) 821.162.4-051
Identifikátor vydania 2011
080 ## - ČÍSLO MEDZINÁRODNÉHO DESATINNÉHO TRIEDENIA (MDT)
Číslo Medzinárodného desatinného triedenia (MDT) [82:314.15-026.49]-051
Identifikátor vydania 2011
080 ## - ČÍSLO MEDZINÁRODNÉHO DESATINNÉHO TRIEDENIA (MDT)
Číslo Medzinárodného desatinného triedenia (MDT) 314.151.3-054.7
Identifikátor vydania 2011
080 ## - ČÍSLO MEDZINÁRODNÉHO DESATINNÉHO TRIEDENIA (MDT)
Číslo Medzinárodného desatinného triedenia (MDT) 929(092)
Identifikátor vydania 2011
080 ## - ČÍSLO MEDZINÁRODNÉHO DESATINNÉHO TRIEDENIA (MDT)
Číslo Medzinárodného desatinného triedenia (MDT) 81'25-051
Identifikátor vydania 2011
080 ## - ČÍSLO MEDZINÁRODNÉHO DESATINNÉHO TRIEDENIA (MDT)
Číslo Medzinárodného desatinného triedenia (MDT) (048.8)
Identifikátor vydania 2011
100 1# - OSOBNÉ MENÁ – VŠEOBECNÉ INFORMÁCIE
Osobné meno Holeštiak, Pavol,
Dátumy súvisiace s menom 1972-
Kód roly aut
-- 4246
245 1# - NÁZOV
Názov Zlatá kysucká kniha Pavla Hrtusa Jurinu
Zvyšok názvu exulant, ktorý neodišiel
Údaj o zodpovednosti atď. Pavol Holeštiak
264 #1 - VYDAVATEĽSKÉ ÚDAJE, DISTRIBÚCIA ATĎ. - RDA
Miesto publikovania, distribúcie atď. Bratislava
Názov vydavateľa, distibútora atď. Vydavateľstvo Spolku slovenských spisovateľov
Dátum publikovania, distribúcie atď. 2019
300 ## - FYZICKÝ POPIS
Rozsah 343 strán
Ďalšie fyzické detaily fotografie, ilustrácie
Rozmery 25 cm
336 ## - TYP OBSAHU
Typ obsahu - termín text
Typ obsahu - kód txt
Zdroj rdacontent
337 ## - TYP MÉDIA
Typ média - termín bez média
Typ média - kód n
Zdroj rdamedia
338 ## - TYP NOSIČA
Typ nosiča - termín zväzok
Typ nosiča - kód nc
Zdroj rdacarrier
500 ## - VŠEOBECNÁ POZNÁMKA
Formátovaná poznámka o obsahu Obsahuje biografické údaje o autorovi
546 ## - POZNÁMKA O JAZYKU
Poznámka o jazyku Anglické a nemecké resumé
600 17 - PRIDANÝ VSTUP – PREDMET – OSOBNÉ MENO
Osobné meno Hrtus Jurina, Pavol,
Dátumy súvisiace s menom 1919-1994
Zdroj hesla alebo termínu SNKMA
-- 4247
650 07 - PRIDANÝ VSTUP – PREDMET – TEMATICKÉ HESLO
Tematické heslo alebo geografický názov ako vstupný prvok slovenskí spisovatelia
Zdroj hesla alebo termínu SNKPH
-- 2256
650 07 - PRIDANÝ VSTUP – PREDMET – TEMATICKÉ HESLO
Tematické heslo alebo geografický názov ako vstupný prvok Slovak authors
Zdroj hesla alebo termínu SNKPHeng
-- 2258
650 07 - PRIDANÝ VSTUP – PREDMET – TEMATICKÉ HESLO
Tematické heslo alebo geografický názov ako vstupný prvok prekladatelia
Zdroj hesla alebo termínu SNKPH
-- 4248
650 07 - PRIDANÝ VSTUP – PREDMET – TEMATICKÉ HESLO
Tematické heslo alebo geografický názov ako vstupný prvok Translators
Zdroj hesla alebo termínu SNKPHeng
-- 4249
650 07 - PRIDANÝ VSTUP – PREDMET – TEMATICKÉ HESLO
Tematické heslo alebo geografický názov ako vstupný prvok emigranti
Zdroj hesla alebo termínu SNKPH
-- 4250
650 07 - PRIDANÝ VSTUP – PREDMET – TEMATICKÉ HESLO
Tematické heslo alebo geografický názov ako vstupný prvok Exiled authors
Zdroj hesla alebo termínu SNKPHeng
-- 4251
650 07 - PRIDANÝ VSTUP – PREDMET – TEMATICKÉ HESLO
Tematické heslo alebo geografický názov ako vstupný prvok exiloví spisovatelia
Zdroj hesla alebo termínu SNKPH
-- 4252
650 07 - PRIDANÝ VSTUP – PREDMET – TEMATICKÉ HESLO
Tematické heslo alebo geografický názov ako vstupný prvok Emigrants
Zdroj hesla alebo termínu SNKPHeng
-- 4253
655 #7 - INDEXAČNÝ TERMÍN – ŽÁNER/FORMA
Údaje o žánri/forme alebo termín, ktorý je prvok fazety biografie
Zdroj termínu SNKPH
-- 1756
655 #7 - INDEXAČNÝ TERMÍN – ŽÁNER/FORMA
Údaje o žánri/forme alebo termín, ktorý je prvok fazety Biography
Zdroj termínu SNKPHeng
-- 1759
655 #7 - INDEXAČNÝ TERMÍN – ŽÁNER/FORMA
Údaje o žánri/forme alebo termín, ktorý je prvok fazety monografie
Zdroj termínu SNKPH
-- 1661
655 #7 - INDEXAČNÝ TERMÍN – ŽÁNER/FORMA
Údaje o žánri/forme alebo termín, ktorý je prvok fazety Monographs
Zdroj termínu SNKPHeng
-- 1662
700 1# - PRIDANÝ VSTUP – OSOBNÉ MENO
Osobné meno Zimka, Ondrej,
Dátumy súvisiace s menom 1937-
Kód roly ill
-- 3552
958 ## - Formálny deskriptor
Formálny deskriptor LX
Holdings
Stav stiahnutia (Blokovanie) (Withrawn status) Stav straty Zdroj klasifikácie pre skladovanie Stav poškodenia (Damaged status) Nie pre výpožičky (Not for loan) Spôsob nadobudnutia (Collection code) Trvalé umiestnenie Aktuálne umiestnenie Dátum nadobudnutia Náklady, bežná kúpna cena Inventárne číslo (prírastkové číslo) Full call number Čiarový kód Dátum posledného výskytu Cena s účinnosťou od Typ jednotky Koha
          Dar Mestská knižnica Giraltovce Mestská knižnica Giraltovce 2024-12-16 0.00 22020 S1546 S1546 2024-12-16 2024-12-16 Odborná literatúra pre dospelých

Powered by Koha